000 01338nam a2200349Ia 4500
001 dia_5582
003 CHAP
005 20241108184059.0
007 ta
008 220117s1994 mx ab fr 001 0 spa d
040 _cCHAP
_amxchpua
090 _aT.C.189
_bC45 IAI
_c1994
245 1 0 _aInterrelación ganadería-industria en la cuenca del Papaloapan /
_ccoordinador Walter Chisholm Stadard y Víctor Sánchez Peña ; colaboradores Joaquina Teresa Escamilla Plata...[et al.]
260 _aMéxico :
_bEl autor,
_c1994
300 _a50 hojas :
_bilustraciones, mapas, tablas
336 _2rdacontent
_atexto
_btxt
337 _2rdamedia
_asin medio
_bn
338 _2rdacarrier
_avolumen
_bnc
500 _a5° año
502 _aViaje de Estudios
_b(IAI) --
_cUACh. Departamento de Ingeniería Agroindustrial,
_d1994
650 1 0 _aIndustria del ganado y de la carne
_zMéxico
_9147829
650 1 0 _aLivestock and meat industry
_zMexico
_9147830
700 1 _aChisholm Stadard, Walter
_922630
_ecoordinador
700 1 _aSánchez Peña, José Víctor
_9107749
_ecoordinador
700 1 _aEscamilla Plata, Joaquina Teresa
_9159084
_ecolaboradora
901 _aT.C.189 C45 IAI 1994
902 _aM
905 _a5332271994 mx nab 8223123322spa16
942 _2local
942 _cVE
999 _c176557
_d176557